但以理書注釋 Commentary on Daniel {ch} / (Record no. 7871)
[ view plain ]
| 000 -LEADER | |
|---|---|
| fixed length control field | 00619nam a2200169 4500 |
| 008 - FIXED-LENGTH DATA ELEMENTS--GENERAL INFORMATION | |
| fixed length control field | 020301s1994 -hk 0 chiYA |
| 020 ## - INTERNATIONAL STANDARD BOOK NUMBER | |
| International Standard Book Number | 9622444261 |
| 090 ## - LOCALLY ASSIGNED LC-TYPE CALL NUMBER (OCLC); LOCAL CALL NUMBER (OCLC) | |
| Classification number (OCLC) (R) ; Classification number, CALL (RLIN) (NR) | BS1555.3 |
| Local cutter number (OCLC) ; Book number/undivided call number, CALL (RLIN) | C42c |
| 100 1# - MAIN ENTRY--PERSONAL NAME | |
| Personal name | 張永信著 Cheung, Vincent |
| 245 10 - TITLE STATEMENT | |
| Title | 但以理書注釋 Commentary on Daniel {ch} / |
| Statement of responsibility, etc | Vincent Cheung. |
| 260 ## - PUBLICATION, DISTRIBUTION, ETC. (IMPRINT) | |
| Place of publication, distribution, etc | Hongkong : |
| Name of publisher, distributor, etc | 宣道出版社 China Alliance Press, |
| Date of publication, distribution, etc | c1994. |
| 300 ## - PHYSICAL DESCRIPTION | |
| Extent | 415 p. |
| 504 ## - BIBLIOGRAPHY, ETC. NOTE | |
| Bibliography, etc | Includes bibliographical references |
| 650 #4 - SUBJECT ADDED ENTRY--TOPICAL TERM | |
| Topical term or geographic name as entry element | 聖經論叢/但以理書 Bible. O.T. Daniel |
| General subdivision | Commentaries{ch}. |
| 951 ## - EQUIVALENCE OR CROSS-REFERENCE-GEOGRAPHIC NAME/AREA NAME [OBSOLETE] [CAN/MARC only] | |
| General subdivision | 00027981 |
| 951 ## - EQUIVALENCE OR CROSS-REFERENCE-GEOGRAPHIC NAME/AREA NAME [OBSOLETE] [CAN/MARC only] | |
| -- | C-3348 |
| -- | BS1555.3/C42c |
| -- | 070613111050250 |
| -- | 2000-12-21 |
| -- | CH |
| 942 00 - ADDED ENTRY ELEMENTS (KOHA) | |
| Koha issues (borrowed), all copies | 1 |
| Withdrawn status | Lost status | Damaged status | Not for loan | Home library | Current library | Shelving location | Date acquired | Accession number | Shelving control number | Total Checkouts | Full call number | Barcode | Date last seen | Date last borrowed | Price effective from | Koha item type | Source of classification or shelving scheme |
|---|---|---|---|---|---|---|---|---|---|---|---|---|---|---|---|---|---|
| BSOP Library | BSOP Library | Chinese Books (General Circulation) | 12/21/2000 | C-3348 | 127 | 1 | BS1555.3/C42c | 00027981 | 10/18/2019 | 10/04/2019 | 02/23/2013 | Books | |||||
| BSOP Library | BSOP Library | Chinese Books (General Circulation) | 07/01/2015 | C-13281 | CH BS 1555.3 C42c 1994 c.2 | 00045848 | 07/01/2015 | 07/01/2015 | Books | Library of Congress Classification |
